| 000 | 01011nam a22002777a 4500 | ||
|---|---|---|---|
| 999 |
_c12494 _d12494 |
||
| 003 | EG-ScBUE | ||
| 005 | 20210214124957.0 | ||
| 008 | 090802s2002 ua f 000 p ara d | ||
| 017 | _a2002/10414 | ||
| 040 |
_aEG-ScBUE _bara _erda _cEG-ScBUE _dEG-ScBUE |
||
| 082 | 0 | 4 |
_a892.716 _bص ا ل _222 |
| 100 | 1 |
_aصالح، محمد الفقيه، _eمؤلف. |
|
| 245 | 1 | 0 |
_aحنو الضمة .. سمو الكسرة / _cمحمد الفقيه صالح. |
| 246 | 3 | 4 |
_aحنو الضمة سمو الكسرة : _bمجموعة شعرية |
| 264 | 1 |
_aالقاهرة : _bالهيئة العامة لقصور الثقافة، _c2002. |
|
| 300 | 1 |
_a175 صفحة ؛ _c17 سم. |
|
| 336 |
_2rdacontent _aنص _btxt |
||
| 337 |
_2rdamedia _aبدون وسيط _bn |
||
| 338 |
_2rdacarrier _aمجلد _bnc |
||
| 490 | 0 |
_aآفاق عربية ؛ _v54 |
|
| 650 | 7 |
_97995 _aالشعر العربي _zمصر _yقرن 20. _2BUEsh |
|
| 651 | _2BUEsh | ||
| 653 |
_bARALIT _cFebruary2021 |
||
| 655 |
_vReading book _934232 |
||
| 942 |
_2ddc _cBB |
||